000 00637nam a2200217Ii 4500
001 11681
003 CO-ViMGA
008 241108s9999||||xx |||||||||||||| ||und||
020 _a8428324395
040 _aCO-ViMGA
_bspa
_erda
_cCO-ViMGA
041 0 _aspa
082 0 4 _a610.7365 H714e
100 1 _aMilched O Hogstel
_950673
245 1 0 _aEnfermería Geriátrica:
_bCuidado de personas ancianas
264 1 _aMadrid, España : Paraninfo, 1998
300 _avolumen
336 _atext
_btxt
_2rdacontent
337 _aunmediated
_bn
_2rdamedia
338 _avolume
_bnc
_2rdacarrier
940 _aidficha_siabuc: 11405. -- ficha_no_siabuc:11681
999 _c45358
_d45358